The language of nuclear war : an intelligent citizen's dictionary /

Bibliographic Details
Main Author: Semler, Eric
Other Authors: Benjamin, James J., 1965-, Gross, Adam
Format: Book
Language:English
Published: New York : Perennial Library, [1987]
Edition:1st ed.
Subjects:

MARC

Tag First Indicator Second Indicator Subfields
LEADER 00000cam a2200000 a 4500
001 in00000017067
005 20151007053354.0
008 860819s1987 nyu bd 00010 eng
010 |a  86045697  
020 |a 0060550511 :  |c $22.50 
020 |a 0060961236 (pbk.) :  |c $10.95 
035 |a (OCoLC)14188119 
035 |9 AAB1416AM 
040 |a DLC  |c DLC  |d m/c  |d UtOrBLW 
049 |a TXAF  |c [A11083759] 
050 0 0 |a U263  |b .S44 1987 
082 0 |a 355/.0217/0321  |2 19 
100 1 |a Semler, Eric. 
245 1 4 |a The language of nuclear war :  |b an intelligent citizen's dictionary /  |c Eric Semler, James Benjamin, Adam Gross. 
250 |a 1st ed. 
264 1 |a New York :  |b Perennial Library,  |c [1987] 
264 4 |c ©1987 
300 |a ix, 325 pages ;  |c 21 cm. 
336 |a text  |b txt  |2 rdacontent 
337 |a unmediated  |b n  |2 rdamedia 
338 |a volume  |b nc  |2 rdacarrier 
504 |a Bibliography: pages 319-325. 
650 0 |a Nuclear warfare  |x Dictionaries. 
650 0 |a Nuclear weapons  |x Dictionaries. 
700 1 |a Benjamin, James J.,  |d 1965- 
700 1 |a Gross, Adam. 
999 |a MARS 
999 f f |s bfbfeb13-ab10-3835-8bd3-bdee47288436  |i 2093a3e9-5682-3309-93a3-dd353419b1e5  |t 0 
952 f f |p ric  |a Texas A&M University  |b Rellis Campus  |c Joint Library Facility  |d Remote Storage  |t 0  |e U263 .S44 1987  |h Library of Congress classification  |i unmediated -- volume  |m A14811083759 
998 f f |a U263 .S44 1987  |t 0  |l Remote Storage